| 000 | 01483nam a2200373 i 4500 | ||
|---|---|---|---|
| 001 | 156328 | ||
| 003 | ES-MaACL | ||
| 005 | 20250905063051.0 | ||
| 008 | 040730e1888 it |r 001 0 ita d | ||
| 040 |
_aCAM _bspa _cES-MaACL |
||
| 080 | _a025.34 | ||
| 080 | _a017.1(.) | ||
| 080 | _a017.2(.) | ||
| 080 | _a017.2 A/Z | ||
| 080 | _a025.3 | ||
| 100 | 1 |
_aJewett, Charles C., _d1816-1868 _eaut _9128301 |
|
| 245 | 1 | 0 |
_aDella compilazione dei cataloghi per biblioteche e del modo di pubblicarli per mezzo di titoli separati stereotipati : _bregole ed esempi / _cdi Charles C. Jewett ; prima versione dall'inglese a cura del del Dr. Guido Biagi |
| 260 |
_aIn Firenze : _bG. C. Sansoni, _c1888 |
||
| 300 |
_aIX, 120 páginas ; _c24 cm |
||
| 490 | 1 |
_aBiblioteca di bibliografia e paleografia ; _v3 |
|
| 500 | _aÍndices | ||
| 530 | _aDisponible en formato digital | ||
| 594 | _aTraducción de: On the construction of catalogues of libraries | ||
| 650 | 7 |
_aCatálogos de bibliotecas _2embne _9242215 |
|
| 650 | 7 |
_aCatalogación bibliográfica _2embne _910838 |
|
| 700 | 1 |
_aBiagi, Guido, _d1855-1925 _etrl _9125983 |
|
| 752 |
_aItalia - _dFlorencia |
||
| 830 | 0 |
_aBiblioteca di bibliografia e paleografia ; _v3 _9182513 |
|
| 852 | 4 |
_aES-MaACL _cDEPO2 _jF-2280 |
|
| 856 | 4 |
_uhttps://babel.hathitrust.org/cgi/pt?id=uc1.b4579553&seq=9 _yVersión en línea _z(HathiTrust) |
|
| 942 |
_cMONANT _n0 |
||
| 999 |
_c156328 _d156328 |
||